|
|
|
|
| LEADER |
00000cam a2200000 a 4500 |
| 001 |
vtls010036288 |
| 003 |
SK-MaSNL |
| 005 |
20260301131020.0 |
| 008 |
250311s1959 xr f n 100 0 cze |
| 015 |
|
|
|a SNBA1959
|
| 020 |
|
|
|q (brožované)
|
| 035 |
|
|
|a urn:nbn:sk:snk-am00fe9l
|
| 035 |
|
|
|a urn:nbn:sk:snk-am3iqp2
|
| 035 |
|
|
|a F05098F9-CFE4-44EB-817C-85C2DBE889C7
|
| 040 |
|
|
|a SNK
|b slo
|c SNK
|e AACR2
|
| 041 |
0 |
|
|a cze
|
| 043 |
|
|
|a e-xo---
|
| 044 |
|
|
|a xr
|c CZ
|
| 072 |
|
7 |
|a 94(437.6)
|x Dejiny Slovenskej republiky
|2 konspekt
|
| 072 |
|
7 |
|a 355/359
|x Vojenstvo. Obrana krajiny. Ozbrojené sily
|2 konspekt
|
| 080 |
|
|
|a 94(100)"1939/1945"
|2 2011
|
| 080 |
|
|
|a 94(437.6)"1944"
|2 2011
|
| 080 |
|
|
|a 323.25/.26:329.18
|2 2011
|
| 080 |
|
|
|a 94(437.6)
|2 2011
|
| 080 |
|
|
|a (437.6)
|2 2011
|
| 080 |
|
|
|a (062.534)
|2 2011
|
| 080 |
|
|
|a (082.2)
|2 2011
|
| 111 |
2 |
|
|a Vědecká konference k 15. výročí Slovenského národního povstání
|d (1959 :
|c Bratislava, Slovensko)
|4 aut
|9 479682
|
| 245 |
1 |
0 |
|a Slovenské národní povstání
|b sborník k 15. výročí
|c [odpovědný redaktor B. Graca]
|
| 250 |
|
|
|a 1. vyd.
|
| 260 |
|
|
|a [Praha]
|b Státní nakladatelství politické literatury
|c 1959
|
| 300 |
|
|
|a 178 strán
|c 22 cm
|
| 366 |
|
|
|e 3500 kusov
|
| 500 |
|
|
|a Vydal Ústav dějin Komunistické strany Československa
|
| 504 |
|
|
|a Obsahuje bibliografické odkazy
|
| 610 |
|
7 |
|a Komunistická strana Československa
|2 SNKKA
|9 32256
|
| 650 |
0 |
7 |
|a druhá svetová vojna (1939-1945)
|2 SNKPH
|9 169657
|
| 650 |
0 |
7 |
|a Slovenské národné povstanie (1944)
|2 SNKPH
|9 177948
|
| 650 |
0 |
7 |
|a protifašistický odboj
|2 SNKPH
|9 4751
|
| 650 |
0 |
7 |
|a partizáni
|2 SNKPH
|9 31601
|
| 651 |
|
7 |
|a Slovensko
|x dejiny
|2 SNKPH
|9 13278
|
| 655 |
|
7 |
|a zborníky konferencií
|2 SNKPH
|9 70153
|
| 655 |
|
7 |
|a jubilejné publikácie
|2 SNKPH
|9 70339
|
| 700 |
1 |
|
|a Graca, Bohuslav,
|d 1925-1976
|4 lso
|9 115263
|
| 710 |
2 |
|
|a Ústav dejín Komunistickej strany Slovenska
|4 pbl
|9 192245
|
| 710 |
2 |
|
|a Ústav dějin Komunistické strany Československa
|4 pbl
|9 188053
|
| 852 |
|
|
|a Slovenská národná knižnica
|
| 958 |
|
|
|a RK
|
| 958 |
|
|
|a TL
|
| 958 |
|
|
|a NB
|
| 958 |
|
|
|a CZ
|
| 958 |
|
|
|a OND
|
| 958 |
|
|
|a SP
|
| 999 |
|
|
|c 746498
|d 748428
|
| 952 |
|
|
|a SNK
|b SNK
|y VYP
|7 0
|p 17A1345212
|o snkSC 13827 D1
|i snkKIP 8188/59
|z str. 141-142 prederavená cez text
|0 0
|1 0
|4 0
|d 2020-03-13
|l 0
|r 2026-02-23 23:18:36
|w 2026-02-23
|
| 952 |
|
|
|a SNK
|b SNK
|y PREZ
|7 0
|p 17A0845760
|o snkSC 13827
|i snkKIP 8187/59
|0 0
|1 0
|4 0
|d 2020-02-25
|f 1
|l 0
|r 2025-07-16 00:00:00
|w 2026-02-23
|